000 00674nam a2200241 i 4500
001 14640
003 ES-MaACL
005 20240510063026.0
007 t|
008 990520s1999 sp ||||1| spa d
020 _a8486419476
080 _a821.134.2-14"19"
100 1 _aClark, Marga.
_939045
245 1 0 _aDel sentir invisible /
_cMarga Clark.
250 _a1ª ed.
260 _aHumanes, Madrid :
_bJuan Pastor,
_c1999.
300 _a59 p. ;
_c20 cm.
490 1 _aDevenir. Serie Poesía ;
_v124
830 0 0 _aDevenir.
_pSerie Poesía ;
_v124
_9236243
852 _aES-MaACL
_jP-1931 Nº 124
_bR.127284
942 _2udc
999 _c14640
_d14640